000 00304nam a2200145Ia 4500
100 _aChapman/Stephen J
250 _a2
942 _cRB
654 _amatlab
245 _aMATLAB Programming for Engineers
260 _bBrooks/Cole
_c2002
082 _a5.131
_bCHA
300 _a478
546 _aENGLISH
999 _c34820
_d34820